000 00529nam a2200205Ia 4500
005 20250923144457.0
008 008 250917s9999 xx 000 0 eng d
037 _aTextual
040 _aDSWL
_beng
_cDSWL
041 _aeng
_2eng
084 _qDSWL
100 _aWallis, Wallis
_9825276
245 0 _aOur social world
_cby Wallis
250 _a2nd ed.
260 _b Mc graw-Hill Book Company
_c1940
300 _axiii,402p.
700 _a Wallis
_9825277
942 _cTEXL
999 _c1439379
_d1439379